000 00565nam a2200229Ia 4500
003 OSt
005 20220924143241.0
006 a|||||r|||| 00| 0
007 ta
008 220923b |||||||| |||| 00| 0 urd d
024 _a307413
037 _cTextual
040 _aARTS
_cARTS
_burd
041 _2urd
_aurd
082 _aO168,1M701x, J0
100 _aToonki Yaas
_9215188
245 0 _aTaskheer e yaas
260 _c1950
650 _aURDU LITERATURE
942 _hO168,1M701x, J0
_cTEXL
_2CC
999 _c453770
_d453770